Savages and other neighbour/ (Record no. 147209)

MARC details
000 -LEADER
fixed length control field 00568nam a22001937a 4500
005 - DATE AND TIME OF LATEST TRANSACTION
control field 20171106155118.0
010 ## - LCCN (DPL NO)
LC control number ENG-121246
020 ## - INTERNATIONAL STANDARD BOOK NUMBER
Terms of availability 1000.00
035 ## - SYSTEM CONTROL NUMBER
System control number EN-104778
037 ## - SOURCE OF ACQUISITION
Source of stock number/acquisition DBAD/PUB
082 ## - DEWEY DECIMAL CLASSIFICATION NUMBER
Classification number 881
100 ## - MAIN ENTRY--PERSONAL NAME
Personal name Daniels, Michael Chacko
245 ## - TITLE STATEMENT
Title Savages and other neighbour/
Statement of responsibility, etc by Michael Chacko Daniels
260 ## - PUBLICATION, DISTRIBUTION, ETC. (IMPRINT)
Place of publication, distribution, etc Calcutta
Name of publisher, distributor, etc A Writers Workshop Publication
Date of publication, distribution, etc 2016
270 ## - ADDRESS
Address 162/92 Lake Gardens
City Calcutta
Postal code 700045
300 ## - PHYSICAL DESCRIPTION
Extent 635p.
Dimensions 22cm(Hb)
500 ## - GENERAL NOTE
General note same ISBN at the EN-104757
942 ## - ADDED ENTRY ELEMENTS (KOHA)
Source of classification or shelving scheme Dewey Decimal Classification
Item type English Books
Classification part 881
Call number suffix DAN
Holdings
Withdrawn status Lost status Not for loan Collection code Home library Current library Date acquired Source of acquisition Cost, normal purchase price Full call number Barcode Copy number Cost, replacement price Koha item type
    Not For Loan Non-fiction D.B.Act.Division Bawana 06/11/2017 DBAD/PUB 1000.00 881 DAN EN-104778 1 1000.00 English Books

© Delhi Public Library
Hit Counter
free hit counter